Thinking about Interest Rates, Prices and the Economy : (Record no. 612077)

MARC details
000 -LEADER
fixed length control field 00505nam a2200193 a 4500
008 - FIXED-LENGTH DATA ELEMENTS--GENERAL INFORMATION
fixed length control field 260212s2009##################000#0#eng##
020 ## - INTERNATIONAL STANDARD BOOK NUMBER
ISBN 9788172335779
082 04 - DEWEY DECIMAL CLASSIFICATION NUMBER
Classification number 330
Item number MUS
100 1# - MAIN ENTRY--AUTHOR NAME
Personal name Mushin, Jerry,
245 10 - TITLE STATEMENT
Title Thinking about Interest Rates, Prices and the Economy :
260 ## - PUBLICATION, DISTRIBUTION, ETC. (IMPRINT)
Year of publication 2009.
300 ## - PHYSICAL DESCRIPTION
Number of Pages 94 pages
650 #0 - SUBJECT ADDED ENTRY--TOPICAL TERM
Topical Term Macroeconomics.
942 ## - ADDED ENTRY ELEMENTS (KOHA)
Koha item type English Books
Holdings
Withdrawn status Lost status Damaged status Not for loan Home library Current library Shelving location Date acquired Full call number Accession Number Price effective from Koha item type
        Anna Centenary Library Anna Centenary Library 4TH FLOOR, A WING 12.02.2026 330 MUS 328480 12.02.2026 English Books

Find us on the map